[Event "Rottach Egern Seniors Cup 11th"]
[Site "Rottach Egern"]
[Date "2023.04.18"]
[Round "4"]
[White "Schroeder, Klaus"]
[Black "Krueger, Antje Christine"]
[Result "1/2-1/2"]
[WhiteElo "1821"]
[BlackElo "1518"]
[PlyCount "54"]
[EventDate "2023.04.15"]
[EventType "swiss"]
[EventRounds "9"]
[EventCountry "GER"]
[SourceTitle "EXT 2024"]
[Source "ChessBase"]
[SourceDate "2023.10.10"]
[SourceVersion "1"]
[SourceVersionDate "2023.10.10"]
[SourceQuality "1"]

1. d4 Nf6 2. c4 g6 3. Nc3 Bg7 4. e4 d6 5. Nge2 0-0 6. Ng3 Nc6 7. Be2 e5 8. Be3 Nd7 9. d5 Ne7 10. f4 f5 11. 0-0 fxe4 12. Ngxe4 Nf5 13. Qd2 Nxe3 14. Qxe3 exf4 15. Rxf4 Rxf4 16. Qxf4 Ne5 17. Rf1 Bf5 18. Ng3 Bd3 19. Bxd3 Nxd3 20. Qf7+ Kh8 21. Nce4 Ne5 22. Qf4 Nxc4 23. Ng5 Ne5 24. Ne6 Qe7 25. Ne4 c6 26. Nxg7 Kxg7 27. dxc6 bxc6 1/2-1/2

[Event "MVP-ch Seniors op 18th"]
[Site "Ostseebad Binz"]
[Date "2018.11.29"]
[Round "2"]
[White "Krueger, Antje Christine"]
[Black "Jung, Michael"]
[Result "1/2-1/2"]
[WhiteElo "1485"]
[BlackElo "1726"]
[PlyCount "103"]
[EventDate "2018.11.28"]
[EventType "swiss"]
[EventRounds "9"]
[EventCountry "GER"]
[SourceTitle "CBM 188 Extra"]
[Source "ChessBase"]
[SourceDate "2019.02.26"]
[SourceVersion "1"]
[SourceVersionDate "2019.02.26"]
[SourceQuality "1"]

1. e4 Nf6 2. e5 Nd5 3. Nf3 d6 4. d4 Bg4 5. Be2 e6 6. 0-0 Be7 7. Bd2 0-0 8. c4 Nb6 9. b3 N8d7 10. Bf4 dxe5 11. Nxe5 Bxe2 12. Qxe2 Nf6 13. Rd1 c6 14. Nc3 Nc8 15. c5 Nd5 16. Nxd5 cxd5 17. Rac1 Bf6 18. Qe3 Ne7 19. Nf3 Rc8 20. Bd6 Nf5 21. Qf4 Nxd6 22. Qxd6 Qa5 23. Rc2 Rfd8 24. Qf4 Rc6 25. Qd2 Qc7 26. b4 Qe7 27. b5 Rc7 28. a4 Rdc8 29. Rdc1 h6 30. a5 Qd7 31. Qb4 Qe7 32. b6 axb6 33. axb6 Rc6 34. Qb3 Qd8 35. Ra2 Rxb6 36. Qd1 Rbc6 37. Rca1 b6 38. cxb6 Qxb6 39. Ra8 Rxa8 40. Rxa8+ Kh7 41. Qd3+ g6 42. g3 Kg7 43. Ra1 Qb2 44. Rb1 Qa2 45. Rb7 Kg8 46. Qe3 Bg7 47. Ne5 Bxe5 48. Qxe5 Rc8 49. Rb8 Rxb8 50. Qxb8+ Kg7 51. Qe5+ Kh7 52. h4 1/2-1/2

[Event "MVP-ch Seniors op 18th"]
[Site "Ostseebad Binz"]
[Date "2018.11.28"]
[Round "1"]
[White "Pamperin, Gerhard"]
[Black "Krueger, Antje Christine"]
[Result "1-0"]
[WhiteElo "1909"]
[BlackElo "1485"]
[PlyCount "81"]
[EventDate "2018.11.28"]
[EventType "swiss"]
[EventRounds "9"]
[EventCountry "GER"]
[SourceTitle "CBM 188 Extra"]
[Source "ChessBase"]
[SourceDate "2019.02.26"]
[SourceVersion "1"]
[SourceVersionDate "2019.02.26"]
[SourceQuality "1"]

1. d4 Nf6 2. Nf3 g6 3. c4 Bg7 4. Nc3 0-0 5. e4 d6 6. h3 c5 7. d5 Na6 8. Be2 Bd7 9. 0-0 Nc7 10. Be3 Rb8 11. a4 Na6 12. Qd2 Re8 13. g4 Qc8 14. e5 dxe5 15. Nxe5 b6 16. Bf4 Rb7 17. Bf3 Nb4 18. d6 Bc6 19. Nxc6 Nxc6 20. Nb5 Rd7 21. Rad1 Red8 22. Qe3 Ne8 23. Qe4 a6 24. Qxc6 axb5 25. Qxc8 Rxc8 26. dxe7 Rxe7 27. axb5 Bxb2 28. Rd2 Bc3 29. Rd3 Ba5 30. Be3 Re6 31. Rfd1 Kg7 32. Kg2 Nf6 33. g5 Ne4 34. Bg4 Rce8 35. Bxe6 Rxe6 36. Rd8 Bc3 37. R1d7 Be5 38. Rb7 Bd4 39. Rdd7 Nd6 40. Rxb6 Nxc4 41. Bxd4+ 1-0

[Event "GER-ch Seniors 50"]
[Site "Hamburg"]
[Date "2018.07.28"]
[Round "8"]
[White "Krueger, Antje Christine"]
[Black "Fuhrmann, Frederik"]
[Result "0-1"]
[WhiteElo "1498"]
[BlackElo "1550"]
[PlyCount "98"]
[EventDate "2018.07.21"]
[EventType "swiss"]
[EventRounds "9"]
[EventCountry "GER"]
[SourceTitle "CBM 186 Extra"]
[Source "ChessBase"]
[SourceDate "2018.08.24"]
[SourceVersion "1"]
[SourceVersionDate "2018.08.24"]
[SourceQuality "1"]

1. d4 Nf6 2. Nf3 g6 3. c4 Bg7 4. Nc3 0-0 5. e4 d6 6. h3 Na6 7. Bd3 c5 8. d5 Nc7 9. 0-0 Rb8 10. Bg5 h6 11. Bf4 a6 12. a4 b6 13. Qd2 Kh7 14. Rfe1 Nh5 15. Bh2 e5 16. Qd1 f5 17. exf5 Bxf5 18. Ne4 Bxe4 19. Bxe4 Nf6 20. Qc2 Nxe4 21. Qxe4 Qe8 22. Nh4 Bf6 23. Bg3 Kg7 24. Nf3 g5 25. Rab1 Qxa4 26. b3 Qe8 27. h4 Qg6 28. Qe3 g4 29. Nd2 Qe8 30. Ne4 Qd8 31. Rf1 Ne8 32. f3 Bxh4 33. fxg4 Bg5 34. Qe2 Nf6 35. Nxf6 Rxf6 36. Qe4 Qe7 37. Rf5 Rbf8 38. Rbf1 Qf7 39. R1f3 Qd7 40. Bf2 R8f7 41. Be3 Bxe3+ 42. Rxe3 Rxf5 43. gxf5 Qxf5 44. Rg3+ Kh7 45. Qe2 Qb1+ 46. Kh2 Rf1 47. Kh3 Rh1+ 48. Kg4 h5+ 49. Kg5 Qg6# 0-1

[Event "GER-ch Seniors 50"]
[Site "Hamburg"]
[Date "2018.07.24"]
[Round "4"]
[White "Krueger, Antje Christine"]
[Black "Yueksel, Anja"]
[Result "0-1"]
[WhiteElo "1498"]
[BlackElo "1448"]
[PlyCount "108"]
[EventDate "2018.07.21"]
[EventType "swiss"]
[EventRounds "9"]
[EventCountry "GER"]
[SourceTitle "CBM 186 Extra"]
[Source "ChessBase"]
[SourceDate "2018.08.24"]
[SourceVersion "1"]
[SourceVersionDate "2018.08.24"]
[SourceQuality "1"]

1. e4 e5 2. d4 exd4 3. c3 dxc3 4. Nxc3 Bb4 5. Nf3 Qe7 6. Bd3 Nf6 7. Qe2 0-0 8. 0-0 Bxc3 9. bxc3 Nc6 10. Bf4 d6 11. h3 h6 12. Rfe1 Re8 13. Qc2 Ne5 14. Nxe5 dxe5 15. Bh2 Qc5 16. Rab1 a6 17. Rb4 b5 18. Reb1 c6 19. Kf1 a5 20. R4b2 Be6 21. f3 Bc4 22. Rd1 Rad8 23. Bg1 Bxd3+ 24. Rxd3 Qe7 25. Bb6 Rxd3 26. Qxd3 a4 27. Rd2 Rb8 28. Bd8 Qe6 29. Qd6 Ne8 30. Qxe6 fxe6 31. Ba5 Rb7 32. Ke1 Kf7 33. Kd1 c5 34. Kc2 Nf6 35. a3 Nd7 36. Bd8 Ke8 37. Bh4 g5 38. Bg3 Ke7 39. h4 c4 40. hxg5 hxg5 41. Bf2 Rb8 42. Bg3 Rg8 43. Rd1 g4 44. f4 exf4 45. Bxf4 e5 46. Bg3 Ke6 47. Rd5 Rb8 48. Be1 Nf6 49. Bg3 Nxd5 50. exd5+ Kxd5 51. Kd2 Ke4 52. Ke2 Rh8 53. Kf2 Rh1 54. Ke2 Ra1 0-1

[Event "GER-ch Seniors 50"]
[Site "Hamburg"]
[Date "2018.07.23"]
[Round "3"]
[White "Kindermann, Ilona"]
[Black "Krueger, Antje Christine"]
[Result "1/2-1/2"]
[WhiteElo "1383"]
[BlackElo "1498"]
[PlyCount "41"]
[EventDate "2018.07.21"]
[EventType "swiss"]
[EventRounds "9"]
[EventCountry "GER"]
[SourceTitle "CBM 186 Extra"]
[Source "ChessBase"]
[SourceDate "2018.08.24"]
[SourceVersion "1"]
[SourceVersionDate "2018.08.24"]
[SourceQuality "1"]

1. d4 Nf6 2. Nf3 g6 3. Bf4 Bg7 4. e3 0-0 5. Bd3 d6 6. Nbd2 Nbd7 7. 0-0 c5 8. c3 a6 9. Ne4 Nxe4 10. Bxe4 Nf6 11. Qc2 d5 12. Bd3 c4 13. Be2 Bf5 14. Qc1 b5 15. a4 Nh5 16. Ng5 Nxf4 17. exf4 h6 18. Nf3 Qd6 19. Qd2 Qc6 20. axb5 Qxb5 21. Ne5 1/2-1/2

[Event "GER-ch Seniors 50"]
[Site "Hamburg"]
[Date "2018.07.22"]
[Round "2"]
[White "Krueger, Antje Christine"]
[Black "Gerks, Joachim"]
[Result "0-1"]
[WhiteElo "1498"]
[BlackElo "1794"]
[PlyCount "82"]
[EventDate "2018.07.21"]
[EventType "swiss"]
[EventRounds "9"]
[EventCountry "GER"]
[SourceTitle "CBM 186 Extra"]
[Source "ChessBase"]
[SourceDate "2018.08.24"]
[SourceVersion "1"]
[SourceVersionDate "2018.08.24"]
[SourceQuality "1"]

1. e4 c5 2. d4 cxd4 3. c3 dxc3 4. Nxc3 d6 5. Bc4 Nc6 6. Nf3 h6 7. 0-0 a6 8. Qe2 b5 9. Bb3 Nf6 10. h3 e6 11. Rd1 Qc7 12. Bf4 Be7 13. e5 dxe5 14. Bxe5 Nxe5 15. Nxe5 0-0 16. Rac1 Qb6 17. Bc2 Bb7 18. Ne4 Bxe4 19. Bxe4 Rad8 20. Nc6 Rxd1+ 21. Rxd1 Bc5 22. Bf3 Rc8 23. Ne5 Rd8 24. Nd3 Bd6 25. Ne5 Bxe5 26. Rxd8+ Qxd8 27. Qxe5 Nd5 28. Qd4 Qb6 29. Qd2 Qc5 30. a3 b4 31. Bxd5 exd5 32. axb4 Qc4 33. Kh2 d4 34. Qe1 d3 35. Kg3 f5 36. f4 Qd5 37. Kf2 Qd4+ 38. Kf3 Kf7 39. Qe3 Qd5+ 40. Kf2 d2 41. Qa7+ Kg8 0-1

[Event "MVP-ch Seniors op 17th"]
[Site "Binz"]
[Date "2017.12.02"]
[Round "4.53"]
[White "Schwetje, Siegfried"]
[Black "Krueger, Antje Christine"]
[Result "1-0"]
[WhiteElo "1908"]
[BlackElo "1488"]
[PlyCount "69"]
[EventDate "2017.11.29"]
[EventType "swiss"]
[EventRounds "9"]
[EventCountry "GER"]
[SourceTitle "EXT 2019"]
[Source "ChessBase"]
[SourceDate "2018.10.10"]
[SourceVersion "1"]
[SourceVersionDate "2018.10.10"]
[SourceQuality "1"]

1. d4 Nf6 2. c4 g6 3. Nc3 Bg7 4. g3 0-0 5. Bg2 d6 6. Nf3 c5 7. 0-0 Na6 8. d5 Nc7 9. a4 Rb8 10. Re1 a6 11. e4 Re8 12. h3 Nd7 13. Qc2 Ne5 14. Nxe5 Bxe5 15. f4 Bg7 16. Bd2 Bd7 17. Ra2 b5 18. axb5 axb5 19. cxb5 Bxb5 20. Be3 Qc8 21. b3 Na6 22. Ra5 Bxc3 23. Qxc3 f6 24. Kh2 Nb4 25. Bd2 Kf7 26. e5 Qd8 27. exf6 Qxa5 28. Re6 Qd8 29. fxe7 Kg8 30. Qf6 Rf8 31. exd8Q Rbxd8 32. Qg5 Bd3 33. Bc3 Bc2 34. Re7 Bf5 35. Rg7+ 1-0

[Event "Berlin Lichtenberger op 16th"]
[Site "Berlin"]
[Date "2017.08.23"]
[Round "5"]
[White "Krueger, Antje Christine"]
[Black "Chung, Nicholas"]
[Result "1-0"]
[WhiteElo "1505"]
[BlackElo "1417"]
[PlyCount "67"]
[EventDate "2017.08.19"]
[EventType "swiss"]
[EventRounds "9"]
[EventCountry "GER"]
[SourceTitle "CBM 180 Extra"]
[Source "ChessBase"]
[SourceDate "2017.10.06"]
[SourceVersion "1"]
[SourceVersionDate "2017.10.06"]
[SourceQuality "1"]

1. d4 d6 2. Nf3 Nf6 3. c4 g6 4. Nc3 Bg7 5. e4 0-0 6. Be2 c5 7. d5 Bg4 8. 0-0 Nbd7 9. Bg5 Bxf3 10. Bxf3 Ne5 11. Be2 a6 12. a4 Qb6 13. b3 Qc7 14. Rc1 Rfe8 15. Bf4 Nfd7 16. h3 Nb8 17. Qd2 Ned7 18. Bg4 Nb6 19. Rfe1 Nc8 20. Rb1 Na7 21. Qe3 Bd4 22. Qg3 Qa5 23. Ne2 Bg7 24. e5 dxe5 25. Bxe5 Bxe5 26. Qxe5 Qd8 27. Qe3 Qd6 28. Nc3 b6 29. Ne4 Qd8 30. Bf3 a5 31. Qc3 Na6 32. d6 Rc8 33. Rbd1 exd6 34. Nf6+ 1-0

[Event "Berlin Lichtenberger op 16th"]
[Site "Berlin"]
[Date "2017.08.19"]
[Round "1"]
[White "Krueger, Antje Christine"]
[Black "Matitschka, Heinz"]
[Result "0-1"]
[WhiteElo "1505"]
[BlackElo "1910"]
[PlyCount "64"]
[EventDate "2017.08.19"]
[EventType "swiss"]
[EventRounds "9"]
[EventCountry "GER"]
[SourceTitle "CBM 180 Extra"]
[Source "ChessBase"]
[SourceDate "2017.10.06"]
[SourceVersion "1"]
[SourceVersionDate "2017.10.06"]
[SourceQuality "1"]

1. d4 Nf6 2. c4 e6 3. Nc3 Bb4 4. Bd2 0-0 5. Nf3 d5 6. e3 Nbd7 7. Bd3 dxc4 8. Bxc4 c5 9. 0-0 Bxc3 10. Bxc3 Ne4 11. Rc1 Qe7 12. d5 Nxc3 13. Rxc3 Nb6 14. e4 Rd8 15. b3 e5 16. h3 Rd6 17. Qc2 Rg6 18. Kh1 Bd7 19. Bd3 Rh6 20. Ng1 Rc8 21. Rc1 g5 22. Bc4 Nxc4 23. bxc4 Kh8 24. Rg3 Rg8 25. Qd2 Rhg6 26. Qc3 h5 27. Nf3 f6 28. h4 g4 29. Nh2 Kh7 30. Qa5 f5 31. exf5 Bxf5 32. Qxa7 Ra6 0-1

[Event "Berlin-ch Seniors op 33rd"]
[Site "Berlin"]
[Date "2017.02.09"]
[Round "9"]
[White "Krueger, Antje Christine"]
[Black "Garms, Ilse"]
[Result "0-1"]
[WhiteElo "1567"]
[BlackElo "1766"]
[PlyCount "100"]
[EventDate "2017.01.31"]
[EventType "swiss"]
[EventRounds "9"]
[EventCountry "GER"]
[SourceTitle "EXT 2019"]
[Source "ChessBase"]
[SourceDate "2018.10.10"]
[SourceVersion "1"]
[SourceVersionDate "2018.10.10"]
[SourceQuality "1"]

1. d4 d5 2. Nf3 b6 3. c4 e6 4. Nc3 Be7 5. Bf4 a6 6. cxd5 exd5 7. e3 Bb7 8. Bd3 Nf6 9. 0-0 Nbd7 10. Rc1 Rc8 11. a3 Ne4 12. Qb3 Ndf6 13. Bb1 0-0 14. Rfd1 h6 15. h3 c5 16. Qa2 Nxc3 17. Rxc3 c4 18. Bf5 Ra8 19. Qb1 b5 20. b4 Bd6 21. Ne5 Qc7 22. Qb2 Rad8 23. Rcc1 Bc8 24. Bb1 Rfe8 25. Qc3 Nd7 26. Qb2 Nf6 27. Qc3 Nh5 28. Bh2 Nf6 29. Qc2 g6 30. Bg3 Bf5 31. Qb2 Bxb1 32. Qxb1 Ne4 33. Qb2 Nxg3 34. fxg3 Bxe5 35. dxe5 Qxe5 36. Qxe5 Rxe5 37. Rc3 Kf8 38. Rf1 Rd6 39. Rf3 Ke7 40. Kf2 f5 41. h4 d4 42. exd4 Rxd4 43. Rfe3 Kf6 44. Rxe5 Kxe5 45. Kf3 Re4 46. Re3 Kd4 47. Rxe4+ fxe4+ 48. Ke2 c3 49. g4 Kc4 50. g3 Kb3 0-1

[Event "GER-chB Seniors 28th"]
[Site "Niederhausen"]
[Date "2016.08.20"]
[Round "8"]
[White "Krueger, Antje Christine"]
[Black "Bill, Eugen"]
[Result "1-0"]
[WhiteElo "1469"]
[BlackElo "1827"]
[PlyCount "79"]
[EventDate "2016.08.13"]
[EventType "swiss"]
[EventRounds "9"]
[EventCountry "GER"]
[SourceTitle "EXT 2019"]
[Source "ChessBase"]
[SourceDate "2018.10.10"]
[SourceVersion "1"]
[SourceVersionDate "2018.10.10"]
[SourceQuality "1"]

1. Nf3 d5 2. d4 Nf6 3. c4 c6 4. e3 g6 5. Nc3 Bg7 6. Bd2 0-0 7. Rc1 Nbd7 8. cxd5 cxd5 9. Bd3 a6 10. 0-0 b5 11. Qb3 Bb7 12. Ne2 Nb6 13. Bc3 Nc4 14. Bb1 Rc8 15. Qd1 Re8 16. a4 Bc6 17. Bc2 Rb8 18. Ra1 b4 19. b3 bxc3 20. bxc4 dxc4 21. Nxc3 Qa5 22. Ra3 Qh5 23. Ne5 Qxd1 24. Rxd1 Rec8 25. Rb1 Nd5 26. Rxb8 Rxb8 27. Nxc6 Rb2 28. Nxd5 Rxc2 29. Rc3 Ra2 30. g3 Rxa4 31. Nb6 Ra1+ 32. Kg2 Rb1 33. Nxc4 e6 34. N6e5 h6 35. Nd7 Ra1 36. Ra3 Rc1 37. Ra4 g5 38. Nc5 e5 39. d5 Bf8 40. Nxa6 1-0

[Event "GER-chB Seniors 28th"]
[Site "Niederhausen"]
[Date "2016.08.19"]
[Round "7"]
[White "Lambrecht, Harald"]
[Black "Krueger, Antje Christine"]
[Result "0-1"]
[WhiteElo "1466"]
[BlackElo "1469"]
[PlyCount "73"]
[EventDate "2016.08.13"]
[EventType "swiss"]
[EventRounds "9"]
[EventCountry "GER"]
[SourceTitle "EXT 2019"]
[Source "ChessBase"]
[SourceDate "2018.10.10"]
[SourceVersion "1"]
[SourceVersionDate "2018.10.10"]
[SourceQuality "1"]

1. d4 Nf6 2. Nf3 g6 3. c4 Bg7 4. Nc3 0-0 5. e4 d6 6. Be2 c5 7. 0-0 Na6 8. d5 Nc7 9. h3 Bd7 10. Be3 a6 11. Qd2 b5 12. cxb5 axb5 13. Bh6 b4 14. Bxg7 Kxg7 15. Nd1 Nxe4 16. Qe3 Bf5 17. Bc4 Nf6 18. Qd2 Be4 19. Ne3 Bxf3 20. gxf3 Qd7 21. Kh2 e6 22. Ng4 Nxg4+ 23. hxg4 Qe7 24. Rh1 Qf6 25. Kg2 h5 26. gxh5 Qe5 27. hxg6 Rh8 28. gxf7 Kxf7 29. dxe6+ Nxe6 30. Rxh8 Qg7+ 31. Kf1 Rxh8 32. Bxe6+ Kxe6 33. Re1+ Kd7 34. Ke2 Qh7 35. b3 Re8+ 36. Kd1 Qb1+ 37. Qc1 0-1